[Event "Biel Rapid op 58th"]
[Site "Biel"]
[Date "2025.07.13"]
[Round "3"]
[White "Hardt, Winfried"]
[Black "Javet, Blaise"]
[Result "1/2-1/2"]
[WhiteElo "1937"]
[BlackElo "1957"]
[PlyCount "63"]
[EventDate "2025.07.13"]
[EventType "swiss (rapid)"]
[EventRounds "9"]
[EventCountry "SUI"]
[SourceTitle "CB29_2025"]
[SourceDate "2025.07.16"]
[SourceVersion "1"]
[SourceVersionDate "2025.07.16"]
[SourceQuality "1"]

1. e4 c5 2. d4 cxd4 3. Qxd4 Nc6 4. Qd3 e6 5. Nf3 Qc7 6. a3 Nf6 7. g3 Bc5 8. Be3 Bxe3 9. Qxe3 0-0 10. Nc3 Ng4 11. Qd2 f5 12. Bg2 fxe4 13. Nxe4 d5 14. Nc3 Nce5 15. Qe2 Nxf3+ 16. Bxf3 Ne5 17. Bg2 Nc4 18. 0-0 Nxb2 19. Nb5 Qc4 20. Qxc4 Nxc4 21. Rad1 Nb6 22. Rfe1 Bd7 23. Nc7 Rac8 24. Nxe6 Bxe6 25. Rxe6 Rxc2 26. Bxd5 Nxd5 27. Rxd5 Rfxf2 28. Rd7 Rg2+ 29. Kf1 h6 30. Ree7 Rgf2+ 31. Ke1 Rxh2 32. Rxg7+ 1/2-1/2

[Event "Biel Rapid op 58th"]
[Site "Biel"]
[Date "2025.07.13"]
[Round "2"]
[White "Javet, Blaise"]
[Black "Bok, Benjamin"]
[Result "0-1"]
[WhiteElo "1957"]
[BlackElo "2593"]
[PlyCount "66"]
[EventDate "2025.07.13"]
[EventType "swiss (rapid)"]
[EventRounds "9"]
[EventCountry "SUI"]
[SourceTitle "CB29_2025"]
[SourceDate "2025.07.16"]
[SourceVersion "1"]
[SourceVersionDate "2025.07.16"]
[SourceQuality "1"]

1. e4 c5 2. Nf3 d6 3. d4 cxd4 4. Nxd4 Nf6 5. Nc3 a6 6. Bg5 Nbd7 7. f4 Qc7 8. Qd2 e6 9. Be2 b5 10. a3 Bb7 11. Bf3 Be7 12. Nb3 0-0 13. 0-0 Rac8 14. Rad1 Rfd8 15. Kh1 Nb6 16. Na5 Ba8 17. Qe2 h6 18. Bh4 Na4 19. Nxa4 bxa4 20. Qxa6 Nxe4 21. Bxe7 Qxe7 22. Nc4 Nc5 23. Qa5 Bxf3 24. Rxf3 d5 25. Nb6 Rb8 26. Nxa4 Nxa4 27. Qxa4 Rxb2 28. h3 Rc8 29. Rc1 Rc4 30. Qa8+ Kh7 31. f5 Qg5 32. Rff1 Rcxc2 33. Rxc2 Rxc2 0-1

[Event "Biel Rapid op 58th"]
[Site "Biel"]
[Date "2025.07.13"]
[Round "7"]
[White "Vemparala, Nikash"]
[Black "Javet, Blaise"]
[Result "1-0"]
[WhiteElo "2187"]
[BlackElo "1957"]
[PlyCount "87"]
[EventDate "2025.07.13"]
[EventType "swiss (rapid)"]
[EventRounds "9"]
[EventCountry "SUI"]
[SourceTitle "CB29_2025"]
[SourceDate "2025.07.16"]
[SourceVersion "1"]
[SourceVersionDate "2025.07.16"]
[SourceQuality "1"]

1. c4 e5 2. g3 Nf6 3. Bg2 c6 4. d4 exd4 5. Qxd4 Be7 6. Nc3 0-0 7. e4 Na6 8. Nge2 Bc5 9. Qd1 Re8 10. 0-0 h6 11. a3 Bf8 12. b4 d6 13. Bb2 Be6 14. Qd3 Ng4 15. f4 Qb6+ 16. Nd4 Rad8 17. Na4 Qc7 18. Nxe6 fxe6 19. h3 Nf6 20. Qe3 d5 21. Bxf6 gxf6 22. Nb2 d4 23. Qe2 Qg7 24. Kh2 c5 25. b5 Nc7 26. Nd3 b6 27. a4 Kh8 28. a5 bxa5 29. Rxa5 Na8 30. e5 Rc8 31. exf6 Qxf6 32. Rxa7 Nb6 33. Ne5 Re7 34. Ra6 Nd7 35. Nxd7 Rxd7 36. Rxe6 Qf5 37. Re5 Qf7 38. Bd5 Qf6 39. Be6 d3 40. Qd2 Rcd8 41. Bxd7 Rxd7 42. Rf3 Qg6 43. Rd5 Bg7 44. Rxd7 1-0

[Event "SUI-chT"]
[Site "Switzerland"]
[Date "2019.10.19"]
[Round "8.6"]
[White "Georgescu, Lena"]
[Black "Javet, Blaise"]
[Result "1-0"]
[WhiteElo "2185"]
[BlackElo "1988"]
[PlyCount "49"]
[EventDate "2019.03.10"]
[EventType "team-tourn"]
[EventRounds "9"]
[EventCountry "SUI"]
[SourceTitle "CBM 192 Extra"]
[Source "Chessbase"]
[SourceDate "2019.11.06"]
[SourceVersion "1"]
[SourceVersionDate "2019.11.06"]
[SourceQuality "1"]
[WhiteTeam "Winterthur"]
[BlackTeam "Nyon"]
[WhiteTeamCountry "SUI"]
[BlackTeamCountry "SUI"]

1. e4 c5 2. Nc3 Nc6 3. Bb5 g6 4. Bxc6 dxc6 5. d3 Bg7 6. Be3 b6 7. Qd2 Nf6 8. Bh6 Bxh6 9. Qxh6 e5 10. h3 Ng8 11. Qe3 Qd6 12. Nge2 Be6 13. 0-0 Ne7 14. Kh1 g5 15. Qxg5 Rg8 16. Qe3 Ng6 17. f4 exf4 18. Nxf4 Nxf4 19. Qxf4 0-0-0 20. Qxd6 Rxd6 21. Ne2 Kc7 22. a4 Rg5 23. Rf6 Bxh3 24. Rxd6 Bxg2+ 25. Kh2 1-0

[Event "Biel MTO op"]
[Site "Biel"]
[Date "2003.07.29"]
[Round "8"]
[White "Schuurman, Petra"]
[Black "Javet, Blaise"]
[Result "1-0"]
[WhiteElo "2303"]
[BlackElo "2087"]
[PlyCount "73"]
[EventDate "2003.07.19"]
[EventType "swiss"]
[EventRounds "11"]
[EventCountry "SUI"]
[SourceTitle "CBM 095 Extra"]
[Source "ChessBase"]
[SourceDate "2003.09.04"]
[SourceVersion "1"]
[SourceVersionDate "2003.09.04"]
[SourceQuality "1"]

1. d4 Nf6 2. c4 g6 3. Nc3 Bg7 4. e4 d6 5. Be2 0-0 6. Nf3 e5 7. Be3 Nc6 8. d5 Ne7 9. Nd2 Nd7 10. 0-0 f5 11. f3 f4 12. Bf2 g5 13. b4 Nf6 14. c5 Bd7 15. Nc4 Ne8 16. a4 Rf6 17. Qb3 Kh8 18. cxd6 cxd6 19. Nb5 Rh6 20. Nxa7 Rxa7 21. Bxa7 Nc8 22. Bf2 Qf6 23. Rfc1 Qg6 24. Nd2 Qh5 25. Nf1 Rg6 26. Bb5 Bxb5 27. axb5 g4 28. Rxc8 gxf3 29. Rxe8+ Bf8 30. g3 fxg3 31. Nxg3 Kg7 32. Rxf8 Kxf8 33. Ra3 Qg5 34. Qe3 Qh4 35. Qxf3+ Rf6 36. Ra8+ Kf7 37. Qh5+ 1-0

[Event "Biel MTO op"]
[Site "Biel"]
[Date "2003.07.27"]
[Round "6"]
[White "Kurmann, Oliver"]
[Black "Javet, Blaise"]
[Result "1-0"]
[WhiteElo "2239"]
[BlackElo "2087"]
[PlyCount "47"]
[EventDate "2003.07.19"]
[EventType "swiss"]
[EventRounds "11"]
[EventCountry "SUI"]
[SourceTitle "CBM 095 Extra"]
[Source "ChessBase"]
[SourceDate "2003.09.04"]
[SourceVersion "1"]
[SourceVersionDate "2003.09.04"]
[SourceQuality "1"]

1. e4 c5 2. Nf3 d6 3. d4 cxd4 4. Nxd4 Nf6 5. Nc3 a6 6. f3 e6 7. Be3 b5 8. g4 Nfd7 9. Qd2 Bb7 10. 0-0-0 Nb6 11. Qf2 N8d7 12. Bd3 Rc8 13. Nce2 Be7 14. h4 Nc4 15. Bxc4 Rxc4 16. Kb1 b4 17. g5 d5 18. exd5 Bxd5 19. Nf4 Qa5 20. Nb3 Qc7 21. Nxd5 exd5 22. Rxd5 0-0 23. Na5 Rc5 24. Rxd7 1-0

[Event "Biel MTO op"]
[Site "Biel"]
[Date "2003.07.23"]
[Round "3"]
[White "Pikula, Dejan"]
[Black "Javet, Blaise"]
[Result "1-0"]
[WhiteElo "2489"]
[BlackElo "2087"]
[PlyCount "51"]
[EventDate "2003.07.19"]
[EventType "swiss"]
[EventRounds "11"]
[EventCountry "SUI"]
[SourceTitle "CBM 095 Extra"]
[Source "ChessBase"]
[SourceDate "2003.09.04"]
[SourceVersion "1"]
[SourceVersionDate "2003.09.04"]
[SourceQuality "1"]

1. e4 c5 2. Nf3 d6 3. c3 Nf6 4. h3 Bd7 5. Bd3 Bc6 6. Qe2 Nh5 7. g3 g6 8. Bc2 Bh6 9. Na3 Qc8 10. d4 Bxc1 11. Rxc1 0-0 12. Qe3 Kg7 13. dxc5 dxc5 14. Qxc5 Nd7 15. Qe3 Qc7 16. Nd4 e5 17. Nf3 b5 18. 0-0 Qb7 19. Nh4 h6 20. Rfe1 Rae8 21. Rcd1 Nb6 22. Rd6 Rd8 23. Nf5+ gxf5 24. Qxh6+ Kg8 25. Rxd8 Rxd8 26. Qg5+ 1-0

[Event "Lausanne Master op"]
[Site "Lausanne"]
[Date "2000.06.01"]
[Round "3"]
[White "Firman, Nazar"]
[Black "Javet, Blaise"]
[Result "1-0"]
[WhiteElo "2261"]
[BlackElo "2071"]
[PlyCount "58"]
[EventDate "2000.05.31"]
[EventType "swiss"]
[EventRounds "9"]
[EventCountry "SUI"]
[SourceTitle "CBM 076 Extra"]
[Source "ChessBase"]
[SourceDate "2000.07.11"]
[SourceVersion "1"]
[SourceVersionDate "2000.07.11"]
[SourceQuality "1"]

1. e4 c5 2. Nf3 d6 3. d4 cxd4 4. Nxd4 Nf6 5. Nc3 a6 6. Be3 Ng4 7. Bg5 h6 8. Bh4 g5 9. Bg3 Bg7 10. h3 Nf6 11. Nf5 Bxf5 12. exf5 Nc6 13. Bd3 Rc8 14. 0-0 h5 15. Re1 h4 16. Bh2 Kf8 17. Be4 Qb6 18. Bxc6 Rxc6 19. Qe2 Rc7 20. Bxd6 exd6 21. Nd5 Qc6 22. Nxc7 Qxc7 23. Rad1 Kg8 24. c3 d5 25. Qe7 Qc6 26. c4 Qxc4 27. Rc1 Qf4 28. Rc7 Kh7 29. Qxf7 Rg8 1-0

[Event "Lausanne Master op"]
[Site "Lausanne"]
[Date "2000.06.01"]
[Round "2"]
[White "Javet, Blaise"]
[Black "Jacot, Laurent"]
[Result "1/2-1/2"]
[WhiteElo "2071"]
[BlackElo "2241"]
[PlyCount "79"]
[EventDate "2000.05.31"]
[EventType "swiss"]
[EventRounds "9"]
[EventCountry "SUI"]
[SourceTitle "CBM 076 Extra"]
[Source "ChessBase"]
[SourceDate "2000.07.11"]
[SourceVersion "1"]
[SourceVersionDate "2000.07.11"]
[SourceQuality "1"]

1. e4 e6 2. d4 d5 3. Nc3 Nf6 4. Bg5 dxe4 5. Nxe4 Be7 6. Bxf6 gxf6 7. Bb5+ c6 8. Bc4 b6 9. Qe2 Bb7 10. 0-0-0 Qc7 11. Nf3 Nd7 12. Kb1 0-0-0 13. Rhe1 Rhe8 14. Ba6 Nf8 15. Bxb7+ Kxb7 16. g3 Rd7 17. c4 Red8 18. Rc1 f5 19. Nc3 Bf6 20. d5 c5 21. Nb5 Qb8 22. d6 Rxd6 23. Nxd6+ Qxd6 24. Red1 Qc7 25. Rxd8 Qxd8 26. Rd1 Qc7 27. Qd3 Kc8 28. Ne1 Nd7 29. f4 Nb8 30. Qf3 Qc6 31. Qh5 Qe4+ 32. Nc2 Nc6 33. Qxf7 Nd4 34. Rc1 Nxc2 35. Rxc2 Qe1+ 36. Rc1 Qe4+ 37. Ka1 Qe3 38. Rb1 Bxb2+ 39. Kxb2 Qe2+ 40. Ka3 1/2-1/2

[Event "Lausanne Master op"]
[Site "Lausanne"]
[Date "2000.05.31"]
[Round "1"]
[White "Seret, Jean Luc"]
[Black "Javet, Blaise"]
[Result "1/2-1/2"]
[WhiteElo "2363"]
[BlackElo "2071"]
[PlyCount "82"]
[EventDate "2000.05.31"]
[EventType "swiss"]
[EventRounds "9"]
[EventCountry "SUI"]
[SourceTitle "CBM 076 Extra"]
[Source "ChessBase"]
[SourceDate "2000.07.11"]
[SourceVersion "1"]
[SourceVersionDate "2000.07.11"]
[SourceQuality "1"]

1. e4 c5 2. Nf3 d6 3. c3 g6 4. d4 cxd4 5. cxd4 Bg7 6. Nc3 Nf6 7. h3 0-0 8. Bd3 Nc6 9. 0-0 e5 10. Be3 Nh5 11. dxe5 dxe5 12. Bc4 Nd4 13. Nd5 b5 14. Bxd4 exd4 15. Bb3 a5 16. Nxd4 a4 17. Bc2 Bb7 18. Nxb5 Bxd5 19. exd5 a3 20. Rb1 axb2 21. a4 Qh4 22. d6 Qf4 23. Qd3 Rfd8 24. Rfd1 Be5 25. g3 Qg5 26. Qf3 Rac8 27. Bb3 Rc1 28. h4 Qd2 29. Kg2 Rxd1 30. Rxd1 Qc1 31. Qxf7+ Kh8 32. d7 Qc6+ 33. Kh2 Qf6 34. Qxf6+ Nxf6 35. Be6 Ne4 36. Na7 Nc3 37. Nc6 Bf6 38. Re1 b1Q 39. Rxb1 Nxb1 40. Nxd8 Bxd8 41. Kg2 Nc3 1/2-1/2

[Event "Cannes Martinez op"]
[Site "Cannes"]
[Date "1995.??.??"]
[Round "4"]
[White "Javet, Blaise"]
[Black "Blandnet, Jean Marie"]
[Result "1/2-1/2"]
[WhiteElo "1920"]
[BlackElo "2175"]
[PlyCount "102"]
[EventDate "1995.07.??"]
[EventType "swiss"]
[EventRounds "9"]
[EventCountry "FRA"]
[SourceTitle "EXT 1998"]
[Source "ChessBase"]
[SourceDate "1997.11.17"]
[SourceVersion "1"]
[SourceVersionDate "1997.11.17"]
[SourceQuality "1"]

1. e4 e5 2. Nf3 Nc6 3. Bb5 g6 4. 0-0 Bg7 5. c3 a6 6. Ba4 d6 7. h3 Bd7 8. d4 Qe7 9. Re1 Nf6 10. Be3 0-0 11. Nbd2 h6 12. Qc1 Kh7 13. d5 Nd8 14. Bxd7 Nxd7 15. g4 f6 16. Nf1 Nf7 17. Ng3 Ng5 18. Kg2 Nxf3 19. Kxf3 c6 20. dxc6 bxc6 21. Kg2 Rfd8 22. f3 Nf8 23. Rh1 d5 24. h4 d4 25. cxd4 exd4 26. Bd2 Ne6 27. h5 g5 28. Qxc6 Rac8 29. Qa4 Qb7 30. b4 Bf8 31. Qb3 Qd7 32. Rhc1 Bd6 33. Qd5 Rxc1 34. Qf5+ Kg8 35. Qg6+ Qg7 36. Qxg7+ Kxg7 37. Nf5+ Kh7 38. Rxc1 Bf4 39. Bxf4 Nxf4+ 40. Kf1 d3 41. Ne3 d2 42. Rc7+ Kg8 43. Nd1 Kf8 44. a3 Ke8 45. Rc3 Rd6 46. Rb3 Kd7 47. a4 Kc7 48. Kf2 Kb7 49. Ke3 Ng2+ 50. Kf2 Nf4 51. Ke3 Ng2+ 1/2-1/2

[Event "Cannes Martinez op"]
[Site "Cannes"]
[Date "1995.??.??"]
[Round "8"]
[White "Lamorelle, Yves"]
[Black "Javet, Blaise"]
[Result "1/2-1/2"]
[WhiteElo "2215"]
[BlackElo "1920"]
[PlyCount "36"]
[EventDate "1995.07.??"]
[EventType "swiss"]
[EventRounds "9"]
[EventCountry "FRA"]
[SourceTitle "EXT 1998"]
[Source "ChessBase"]
[SourceDate "1997.11.17"]
[SourceVersion "1"]
[SourceVersionDate "1997.11.17"]
[SourceQuality "1"]

1. e4 c5 2. Nf3 e6 3. c3 Nc6 4. d4 d5 5. e5 Bd7 6. Be2 f6 7. 0-0 Qc7 8. Re1 fxe5 9. Nxe5 Nxe5 10. dxe5 Ne7 11. Bf4 g6 12. Nd2 Bg7 13. c4 0-0 14. Bg5 Bc6 15. Bf3 d4 16. Bxe7 Qxe7 17. Bxc6 bxc6 18. Nf3 Rab8 1/2-1/2